00845nam a2200253Ia 4500003000900000005001700009008004100026040001300067040001300080041000800093100002400101245010900125250002200234260002300256260000900279300001100288300001000299490000600309700002300315700002500338942001200363999001700375952019900392IT-RoPAU20220918175822.0120407s9999 xx 000 0 und d aIT-RoPAU cIT-RoPAU aita aA. Negrisolo935962 aPadre Pio nella sua interiorità€. Figlio di Maria, francescano, sacerdote, apostolo, guida spirirtuale. aCinisello Balsamo aSan Paolo Edizioni c1997 a286 p. c22 cm v1 aN. Castello935963 aS. M. Manelli935964 cBK2ddc c31478d31478 00102ddc406922_50000000000000071aPAULUSbPAULUSd2012-04-11l0o922.5r2012-04-11 00:00:00w2012-04-11yBKzInserito da: Marisa In data: 02 settembre 2011 fondo: Via A.Severo 56 Progr:28185